Accounting terms and book-keeping procedures explained (Record no. 37113)

MARC details
000 -LEADER
fixed length control field 00272nam a2200109Ia 4500
082 ## - DEWEY DECIMAL CLASSIFICATION NUMBER
Item number HOU
100 ## - MAIN ENTRY--AUTHOR NAME
Personal name Wallace
245 #0 - TITLE STATEMENT
Title Accounting terms and book-keeping procedures explained
260 ## - PUBLICATION, DISTRIBUTION, ETC. (IMPRINT)
Place of publication Britain
Year of publication 1980
942 ## - ADDED ENTRY ELEMENTS (KOHA)
Koha item type Books
Holdings
Withdrawn status Lost status Damaged status Not for loan Home library Current library Date acquired Full call number Accession Number Koha item type
      Write off RRII Library RRII Library 16/12/2021 HOU 17501 Books